000 00574nam a2200193 a 4500
005 20210223124041.0
008 991125n 000 0 spa u
035 _aUPN01000103205
100 1 _aMedina Arteaga, Luis
_929208
222 _aREVISTA DE LA ESCUELA NORMAL SUPERIOR DE MEXICO
245 _aUna axiología pedagógica de Erich Fromm : primera parte
300 _a15-17
362 0 _a1986 4a época, no. 5, ene.-feb.
653 0 _aFROMM, ERICH, 1900-1980
653 0 _aPSICOANALISIS
653 0 _aPSICOANALISTAS
904 _aAC
_b041016
905 _aArticulo
999 _c78541
_d78541